书目信息 |
| 题名: |
东林书院
|
|
| 作者: | 文银花 编著 | |
| 分册: | ||
| 出版信息: | 长春 吉林文史出版社 2010 |
|
| 页数: | 120页, [1] 页图版 | |
| 开本: | 23cm | |
| 丛书名: | 中国文化知识读本 | |
| 单 册: | ||
| 中图分类: | G649.299.533 | |
| 科图分类: | ||
| 主题词: | 书院--shu yuan--简介--江苏省--无锡市 | |
| 电子资源: | ||
| ISBN: | 978-7-5463-2003-8 | |
| 000 | 01018nam 2200277 45 | |
| 001 | 012001005062 | |
| 005 | 20140104094737.0 | |
| 010 | @a978-7-5463-2003-8@dCNY34.80 | |
| 099 | @aCAL 012010261492 | |
| 100 | @a20101213d2010 em y0chiy50 ea | |
| 101 | 0 | @achi |
| 102 | @aCN@b220000 | |
| 105 | @aachfz 000yd | |
| 106 | @ar | |
| 200 | 1 | @a东林书院@ADong Lin Shu Yuan@f编著文银花 |
| 210 | @a长春@c吉林文史出版社@d2010 | |
| 215 | @a120页, [1] 页图版@c图, 摹真, 肖像@d23cm | |
| 225 | 2 | @a中国文化知识读本@AZhong Guo Wen Hua Zhi Shi Du Ben |
| 330 | @a本书在深入挖掘和整理中华优秀传统文化成果的同时, 结合社会发展, 注入了时代精神。书中优美生动的文字、简明通俗的语言、图文并茂的形式, 内容包括: 东林书院的创建与发展、东林书院的风貌等。 | |
| 410 | 0 | @12001@a中国文化知识读本 |
| 461 | 0 | @12001 @a中国文化知识读本 |
| 606 | 0 | @a书院@Ashu yuan@x简介@y江苏省@y无锡市 |
| 690 | @aG649.299.533@v4 | |
| 701 | 0 | @a文银花@AWen Yin Hua@4编著 |
| 801 | 2 | @aCN@b江苏凤凰@c20191020 |
| 905 | @b1207154-7@dG649.299.533@e1583@f4 | |
| 东林书院/编著文银花.-长春:吉林文史出版社,2010 |
| 120页, [1] 页图版:图, 摹真, 肖像;23cm.-(中国文化知识读本) |
| ISBN 978-7-5463-2003-8:CNY34.80 |
| 本书在深入挖掘和整理中华优秀传统文化成果的同时, 结合社会发展, 注入了时代精神。书中优美生动的文字、简明通俗的语言、图文并茂的形式, 内容包括: 东林书院的创建与发展、东林书院的风貌等。 |
| ● |
| 相关链接 |
|
|
|
|
正题名:东林书院
索取号:G649.299.533/1583
 
预约/预借
| 序号 | 登录号 | 条形码 | 馆藏地/架位号 | 状态 | 备注 |
| 1 | 1207154 | 212071540 | 第一样本阅览室/ [索取号:G649.299.533/1583] | 在馆 | |
| 2 | 1207155 | 212071559 | 教育系资料室/ [索取号:G649.299.533/1583] | 在馆 | |
| 3 | 1207156 | 212071568 | 教育系资料室/ [索取号:G649.299.533/1583] | 在馆 | |
| 4 | 1207157 | 212071577 | 第四借阅区/ [索取号:G649.299.533/1583] | 在馆 |